00565nam a22001577a 4500008004100000040001500041050003000056100002600086245015400112260004700266300001600313500002300329650001800352700001800370700001900388250306b |||||||| |||| 00| 0 eng d aKABUcKABU aThe HF 5415.13b.C44 2021 aCheruiyot, David Kisa aInfluence of marketing mix strategies on sales performance of Bixa Orellana among small scale farmers in Kwale County, Kenya /cDavid Kisa Cheruiyot, aNakuru, Kenya:bKabarak University,c2021. axvii, 201p. aUnpublished Thesis aMarketing mix aMwaura, Peter aTanui, John K.